000 00303nam a22001337a 4500
008 211011b ||||| |||| 00| 0 eng d
041 _aeng
080 _a371
082 _a371
100 _a46
101 _aEDU
245 _aWritting with a Thesis A Rhetoric and Reader
_cSkwire,D
942 _2udc
_cBK
999 _c58121
_d58121